• 首页
  • 本馆介绍
  • 公告通知
  • 最新文献
  • 馆藏检索
  • 电子资源
  • 读者导购
  • 参考咨询
  • 我的图书馆
  • 登录
  • 详细信息显示
  • 放入我的书架
  • 预约/预借图书
  • 作者相关作品
  • 分类相关作品
  • 丛书相关作品
  • 出版社相关作品

书目信息

  • 表格格式
  • 工作单格式
  • 卡片格式
书名: Lectures on solid state physics
作者: by Georg Busch and Horst Schade ; translated by Ferdinand Cap ; translation editor, D. Ter Haar.
分册号:
分册名:
出版地: Oxford ;
 
出版社: Pergamon Press
出版时间: 1976.
页数: xv, 538 p. :
开本: 25 cm.
丛书名: International series in natural philosophy
中图分类号:
科图分类号:
其他分类号: H31:O4
主题词:
电子资源:
000 00951nam 22000265i 450 9
001 0299712749
005 20070201103142.21
008 741216m1976 u y a b 001 0
020    @a0080168949.
041    @aeng@aengger
050    @aQC176@b.B8713 1975
082 04 @a530.4/1
090    @aO48
090    @aH31:O4
099    @dH31:O4@ex5
100 1  @aBusch@cGeorg,@d1908-
130  0 @aVorlesungen über Festk?rperphysik.@lEnglish
245 10 @aLectures on solid state physics / @cby Georg Busch and Horst Schade ; translated by Ferdinand Cap ; translation editor, D. Ter Haar.
260 1  @aOxford ;@aNew York :@bPergamon Press,@c1976.
300    @axv, 538 p. :@bill. ;@c25 cm.
440  0 @aInternational series in natural philosophy@vv. 79
500    @aTranslation of Vorlesungen über Festk?rperphysik.
504    @aIncludes bibliographies and index.
650  4 @aSolid state physics
700 1  @aSchade@cHorst,@d1932-@4joint author.
    
    Lectures on solid state physics / / by Georg Busch and Horst Schade ; translated by Ferdinand Cap ; translation editor, D. Ter Haar.-Oxford ; ; New York : : Pergamon Press, , 1976.
    xv, 538 p. : : ill. ; ; 25 cm.- (International series in natural philosophy v. 79 )
    Translation of Vorlesungen über Festk?rperphysik.-Includes bibliographies and index.
    
    ISBN 0080168949.
    
●
相关链接 在E读中查询图书 在五车中查询图书 在当当中查询图书 在豆瓣中查询图书


正题名:Lectures on solid state physics     索取号:H31:O4/x5         预约/预借

序号 登录号 条形码 馆藏地/架位号 状态 备注
1 03239   000451521   第四借阅区/ [索取号:H31:O4/x5] 在馆    
唐山师范学院图书馆 欢迎您!
大连网信软件有限公司© 版权所有